| 000 | 01185 a2200265 4500 | ||
|---|---|---|---|
| 003 | Nust | ||
| 005 | 20170207153359.0 | ||
| 010 | _a 96019945 | ||
| 020 | _a8120312465 | ||
| 040 | _cNust | ||
| 082 | 0 | 0 | _a621.3822 |
| 100 | 1 | _aOppenheim, Alan V., | |
| 245 | 1 | 0 |
_aSignals & systems / _cAlan V. Oppenheim, Alan S. Willsky, with S. Hamid Nawab. |
| 246 | 3 | _aSignals and systems | |
| 250 | _a2nd ed. | ||
| 260 |
_aUpper Saddle River, N.J. : _bPrentice Hall, _cc1997. |
||
| 300 |
_axxx, 957 p. : _bill. ; _c25 cm. |
||
| 440 | 0 | _aPrentice-Hall signal processing series | |
| 505 | _aSignal and Systems (Page-1) Linear Time Invariant Systems (Page-74) Fourier Series Representation of Periodic Signal (Page-177) The Continuous – Time Fourier Transform (Page- 284)The Discrete Time Fourier Transform (Page-358) Time and Frequency Characterization (Page-423) Sampling (Page-514) Communication Systems (Page-582) The Laplace Transform (Page-654)The Z- Transform (Page-741)Linear Feedback System (Page-816) | ||
| 538 | _aAlmirah No.38 Shelf No.1 | ||
| 650 | 0 | _aTelecom engineering | |
| 650 | 0 | _aTelecommunication engineering | |
| 700 | 1 | _aNawab, Syed Hamid. | |
| 700 | 1 | _aWillsky, Alan S. | |
| 942 |
_2ddc _cBK |
||
| 999 |
_c184917 _d184917 |
||